Suomen puolueet 2025 - Statistics

Yleistilastot
  • Tätä visaa on pelattu 211 kertaa
    78 viimeisimmän päivityksen jälkeen
  • Keskiarvotulos 11 / 17
Vastaustilastot
Puolue Rekisteröity % Oikein
Perussuomalaiset 1995
100%
Kansallinen Kokoomus 1969
96%
Suomen Keskusta 1969
96%
Suomen Sosiaalidemokraattinen Puolue 1969
96%
Suomen ruotsalainen kansanpuolue 1969
94%
Vihreä liitto 1988
92%
Liike Nyt 2019
90%
Vasemmistoliitto 1990
90%
Suomen Kristillisdemokraatit 1970
86%
Suomen Kommunistinen Puolue 2021
43%
Kristallipuolue 2021
41%
Liberaalipuolue 2024
39%
Valta kuuluu kansalle 2021
35%
Eläinoikeuspuolue 2024
31%
Vapauden liitto 2022
22%
Avoin Puolue 2021
16%
Totuuspuolue 2023
10%
Ehtoja vastaavia visoja ei löytynyt
Tulosjakauma
Jokaisen tuloksen saaneiden osuus
Persentiili vastausten määrän mukaan
Tuloshistoriasi
Et ole pelannut tätä visaa sen viimeisimmän päivityksen jälkeen